000
00209 a2200097 4500
001
47311
100
_a
Gartboff
245
_a
How Russia makes war
260
_a
London
_b
George Allen
_c
090
_c
30349
_d
30349
942
_a
NUST-CAE
_c
M
_c
22613
999
_c
282384
_d
282384